000 00610nam a2200193Ia 4500
003 GCL
008 140319s9999 xx 000 0 ara d
040 _aGCL /
_cGCL
082 0 4 _a415.1
_bش ا
100 1 _aشرف الدين على الراجحى
245 1 0 _aالابتداء بالنكرة فى القران الكريم /
_cشرف الدين على الراجحى
260 _a[S.N] :
_bدار المعرفة الجامعية ،
_c1992
300 _a179 ص
490 _a
650 0 4 _aالنحو العربى
650 0 4 _aالقران - الفاظ
650 0 4 _aالقران
942 _2ddc
_cBK
999 _c37246
_d37246